[Event "Krefeld op"]
[Site "Krefeld"]
[Date "2023.08.05"]
[Round "6"]
[White "Rousselet, Bruno"]
[Black "Beiden, Manuel"]
[Result "0-1"]
[WhiteElo "1659"]
[BlackElo "1512"]
[PlyCount "94"]
[EventDate "2023.08.02"]
[EventType "swiss"]
[EventRounds "9"]
[EventCountry "GER"]
[SourceTitle "CBM 215 Extra"]
[Source "ChessBase"]
[SourceDate "2023.09.30"]
[SourceVersion "1"]
[SourceVersionDate "2023.09.30"]
[SourceQuality "1"]

1. d4 Nf6 2. c4 g6 3. Nc3 d5 4. cxd5 Nxd5 5. e4 Nxc3 6. bxc3 Bg7 7. Bc4 c5 8. Ne2 cxd4 9. cxd4 Nc6 10. Be3 0-0 11. 0-0 Bg4 12. f3 Na5 13. Bd3 Be6 14. d5 Bxa1 15. Qxa1 f6 16. Kh1 Qd6 17. Qc3 Bxd5 18. exd5 Qxd5 19. Be4 Qb5 20. Bd3 Qd5 21. Nf4 Qe5 22. Qxe5 fxe5 23. Ne6 Rf6 24. Nc5 b6 25. Ne4 Rc6 26. Bg5 Kf7 27. Re1 Rd8 28. Rd1 Rd4 29. Be3 Rd8 30. h3 e6 31. Kh2 Nc4 32. Bg5 Rd4 33. Nf2 Nb2 34. Rd2 Nxd3 35. Nxd3 Rd5 36. Nb4 Rxd2 37. Nxc6 Rxa2 38. Nxe5+ Kg7 39. Bd8 b5 40. Ng4 b4 41. Bf6+ Kf7 42. Bd4 a5 43. Ne5+ Ke8 44. Nc6 b3 45. Kg3 a4 46. Nb4 b2 47. Bxb2 Rxb2 0-1

[Event "Krefeld op"]
[Site "Krefeld"]
[Date "2023.08.02"]
[Round "1"]
[White "Panjer, Sidney"]
[Black "Rousselet, Bruno"]
[Result "1-0"]
[WhiteElo "2091"]
[BlackElo "1659"]
[PlyCount "79"]
[EventDate "2023.08.02"]
[EventType "swiss"]
[EventRounds "9"]
[EventCountry "GER"]
[SourceTitle "CBM 215 Extra"]
[Source "ChessBase"]
[SourceDate "2023.09.30"]
[SourceVersion "1"]
[SourceVersionDate "2023.09.30"]
[SourceQuality "1"]

1. d4 Nf6 2. c4 g6 3. Nc3 d5 4. cxd5 Nxd5 5. Bd2 Bg7 6. e4 Nf6 7. Nf3 0-0 8. h3 c5 9. dxc5 Qa5 10. Nd5 Qd8 11. Nxf6+ Bxf6 12. Qc2 Qc7 13. Rc1 a5 14. Be2 Nc6 15. 0-0 Nd4 16. Nxd4 Bxd4 17. b3 Rd8 18. Rfd1 Bxh3 19. Bc3 Bxc3 20. Qxc3 Rxd1+ 21. Rxd1 Be6 22. a3 h5 23. Qe3 Qe5 24. f4 Qb2 25. Rd3 Bg4 26. Bxg4 hxg4 27. f5 Qa1+ 28. Kf2 Qf6 29. Qf4 Rc8 30. b4 axb4 31. axb4 Qh4+ 32. Qg3 Qf6 33. Qxg4 Ra8 34. Kg3 Ra2 35. fxg6 Qe5+ 36. Kh3 f6 37. Qh4 Qe6+ 38. Kh2 Qe5+ 39. Rg3 Kf8 40. Qh8# 1-0